000 00375nam a2200169Ia 4500
001 27697
003 IN-NITTTR
005 20251114233344.0
008 251113s9999||||xx |||||||||||||| ||eng||
040 _beng
040 _cIN-NITTTR
041 _aeng
082 _a891.433 A78E H
100 _aAmrita Pritam,
245 0 _aEk thi sara /
_cAmrita Pritam
942 _2ddc
_cBK
999 _c30325
_d30325